[Event "Halloween op"]
[Site "Edmonton CAN"]
[Date "2008.10.30"]
[Round "5"]
[White "Stark, Mark"]
[Black "Nolan, Pat"]
[Result "1-0"]
[WhiteElo "1962"]
[BlackElo "1562"]
[PlyCount "47"]
[GameId "2160767910311440"]
[EventDate "2008.10.02"]
[EventType "swiss"]
[EventRounds "5"]
[EventCountry "CAN"]
[SourceTitle "EXT 2011"]
[Source "ChessBase"]
[SourceDate "2011.11.26"]
[SourceVersion "1"]
[SourceVersionDate "2011.11.26"]
[SourceQuality "1"]

1. e4 c5 2. Nf3 d6 3. d4 cxd4 4. Nxd4 Nf6 5. Nc3 a6 6. Be3 Nc6 7. f3 Bd7 8. Qd2 Rc8 9. O-O-O e6 10. g4 Be7 11. Kb1 O-O 12. g5 Ne8 13. h4 g6 14. Bd3 Ng7 15. Rdg1 e5 16. Nde2 Be6 17. Nd5 Re8 18. Ng3 Nd4 19. Bxd4 exd4 20. f4 Rc5 21. h5 Bxd5 22. exd5 Rxd5 23. hxg6 fxg6 24. Bc4 1-0

[Event "Halloween op"]
[Site "Edmonton CAN"]
[Date "2008.10.30"]
[Round "5"]
[White "Thompson, Peter"]
[Black "Razzaq, Ali"]
[Result "1/2-1/2"]
[WhiteElo "1865"]
[BlackElo "1799"]
[PlyCount "88"]
[GameId "2160767910311441"]
[EventDate "2008.10.02"]
[EventType "swiss"]
[EventRounds "5"]
[EventCountry "CAN"]
[SourceTitle "EXT 2011"]
[Source "ChessBase"]
[SourceDate "2011.11.26"]
[SourceVersion "1"]
[SourceVersionDate "2011.11.26"]
[SourceQuality "1"]

1. Nf3 Nf6 2. g3 d5 3. Bg2 c6 4. d3 Bf5 5. Nbd2 Nbd7 6. c4 e6 7. O-O Bd6 8. a3 a5 9. Qe1 Nc5 10. b3 O-O 11. Bb2 Rb8 12. b4 Na4 13. Bxf6 Qxf6 14. e4 Rfe8 15. exf5 exf5 16. Qc1 Nc3 17. Kh1 axb4 18. axb4 Bxb4 19. Qb2 c5 20. Rfe1 d4 21. Nb3 g5 22. Rxe8+ Rxe8 23. Re1 Rxe1+ 24. Nxe1 Qe6 25. Qc1 h6 26. Nc2 Qe2 27. Nxb4 cxb4 28. Qd2 Qe5 29. Kg1 b6 30. Kf1 Kg7 31. f4 gxf4 32. gxf4 Qd6 33. Qf2 Na4 34. Qxd4+ Qxd4 35. Nxd4 Nc5 36. Ke2 b3 37. Kd2 b2 38. Kc2 Nxd3 39. Nxf5+ Kf6 40. Nxh6 Ne1+ 41. Kxb2 Nxg2 42. Kb3 Nxf4 43. Kb4 Nd3+ 44. Kb5 Ne5 1/2-1/2

[Event "Halloween op"]
[Site "Edmonton CAN"]
[Date "2008.10.30"]
[Round "5"]
[White "Wihnon, Jason"]
[Black "MacLeod, Damon"]
[Result "1/2-1/2"]
[WhiteElo "1741"]
[BlackElo "1606"]
[PlyCount "124"]
[GameId "2160767910311443"]
[EventDate "2008.10.02"]
[EventType "swiss"]
[EventRounds "5"]
[EventCountry "CAN"]
[SourceTitle "EXT 2011"]
[Source "ChessBase"]
[SourceDate "2011.11.26"]
[SourceVersion "1"]
[SourceVersionDate "2011.11.26"]
[SourceQuality "1"]

1. e4 e5 2. Nf3 Nc6 3. Bb5 Nf6 4. O-O Nxe4 5. d4 Nd6 6. Bxc6 dxc6 7. dxe5 Nf5 8. Qxd8+ Kxd8 9. Nc3 Bd7 10. Rd1 Kc8 11. Ng5 Be8 12. Nce4 b6 13. b3 Kb7 14. Bb2 h6 15. Nf3 c5 16. Nc3 Ne7 17. Rd2 Bc6 18. Rad1 g5 19. Re1 Bg7 20. e6 Bxf3 21. gxf3 fxe6 22. Rxe6 Nf5 23. Na4 Nd4 24. Bxd4 cxd4 25. Nb2 Rhe8 26. Rde2 Rxe6 27. Rxe6 Rd8 28. Nd3 Rd7 29. Kg2 Rf7 30. f4 gxf4 31. Kf3 Bf8 32. Nxf4 Bd6 33. Re4 c5 34. Kg4 h5+ 35. Kg5 Kc6 36. h4 a5 37. Nd3 Kd5 38. Re8 b5 39. f4 c4 40. bxc4+ bxc4 41. Ne5 Be7+ 42. Kxh5 Rxf4 43. Rxe7 Rf5+ 44. Kg6 Rxe5 45. Rxe5+ Kxe5 46. h5 d3 47. cxd3 cxd3 48. h6 d2 49. h7 d1=Q 50. h8=Q+ Ke4 51. Qh4+ Ke3 52. Qg5+ Ke4 53. Qf5+ Ke3 54. Qxa5 Qg4+ 55. Kf7 Qf4+ 56. Ke6 Qc4+ 57. Kd6 Qd3+ 58. Kc6 Qe4+ 59. Qd5 Qa4+ 60. Kb6 Qb4+ 61. Qb5 Qd6+ 62. Ka5 Qd2+ 1/2-1/2

[Event "Halloween op"]
[Site "Edmonton CAN"]
[Date "2008.10.30"]
[Round "5"]
[White "Wu, Allan"]
[Black "Hughey, Micah"]
[Result "0-1"]
[WhiteElo "1806"]
[BlackElo "2226"]
[PlyCount "42"]
[GameId "2160767910311444"]
[EventDate "2008.10.02"]
[EventType "swiss"]
[EventRounds "5"]
[EventCountry "CAN"]
[SourceTitle "EXT 2011"]
[Source "ChessBase"]
[SourceDate "2011.11.26"]
[SourceVersion "1"]
[SourceVersionDate "2011.11.26"]
[SourceQuality "1"]

1. c4 e6 2. d4 d5 3. Nc3 c5 4. Nf3 Nc6 5. e3 Nf6 6. Bd3 dxc4 7. Bxc4 Be7 8. O-O cxd4 9. Nxd4 Nxd4 10. exd4 a6 11. Bf4 b5 12. Qf3 Ra7 13. Bb3 Rd7 14. Ne4 Nxe4 15. Qxe4 Bb7 16. Qe3 Rxd4 17. Be5 Rd3 18. Qa7 Rd7 19. Rad1 O-O 20. f3 Qc8 21. Rxd7 Bc5+ 0-1

[Event "Hart House Closed"]
[Site "Toronto CAN"]
[Date "2008.05.09"]
[Round "1"]
[White "Ng, Kit-Sun"]
[Black "Ferreira, Alex"]
[Result "1/2-1/2"]
[WhiteElo "2098"]
[BlackElo "1993"]
[PlyCount "140"]
[GameId "2160767910350850"]
[EventDate "2008.05.09"]
[EventType "tourn"]
[EventRounds "5"]
[EventCountry "CAN"]

1. d4 b5 2. e4 Bb7 3. Bd3 g6 4. Nf3 Bg7 5. Qe2 a6 6. O-O d6 7. c4 bxc4 8. Bxc4 Nd7 9. Nc3 Nh6 10. Bf4 O-O 11. h3 Kh8 12. Rfd1 Qe8 13. Nd5 Qd8 14. Rac1 Nb6 15. Nxb6 cxb6 16. Qe3 Ng8 17. e5 b5 18. Bb3 a5 19. Ng5 Nh6 20. Ne6 fxe6 21. Bxh6 Bxh6 22. Qxh6 Qd7 23. Bc2 Qe8 24. Bd3 Qf7 25. Qe3 Bd5 26. Bxb5 a4 27. Bc4 a3 28. Bxd5 exd5 29. bxa3 dxe5 30. Qxe5+ Qf6 31. Qxf6+ Rxf6 32. Rd3 Kg8 33. Rc5 Rfa6 34. Rxd5 Rxa3 35. Rxa3 Rxa3 36. Re5 Kf7 37. Re2 Rd3 38. Re1 Rxd4 39. Ra1 Ra4 40. Kf1 Ke6 41. Ke2 Kd5 42. Kd3 Ra3+ 43. Kc2 e5 44. Rd1+ Kc4 45. Kb2 Ra6 46. Rc1+ Kd3 47. Re1 e4 48. Re3+ Kd4 49. a3 Rf6 50. Re2 Kd3 51. Rc2 g5 52. Kc1 h5 53. a4 g4 54. hxg4 hxg4 55. g3 e3 56. fxe3 Kxe3 57. a5 Rf1+ 58. Kb2 Rf5 59. Rc3+ Kd2 60. Ra3 Rb5+ 61. Ka1 Kc2 62. Ra2+ Kc1 63. Ra4 Kc2 64. Rc4+ Kd3 65. Rxg4 Rxa5+ 66. Kb2 Ke3 67. Rg8 Rc5 68. Kb3 Kf3 69. Kb4 Rc1 70. g4 Kf4 1/2-1/2

[Event "Hart House Holidays op"]
[Site "Toronto CAN"]
[Date "2008.12.19"]
[Round "1"]
[White "Armstrong, Robert J"]
[Black "Martchenko, Alexander"]
[Result "0-1"]
[WhiteElo "1832"]
[BlackElo "2226"]
[PlyCount "74"]
[GameId "2160767910285950"]
[EventDate "2008.12.19"]
[EventType "swiss"]
[EventRounds "5"]
[EventCountry "CAN"]
[SourceTitle "EXT 2011"]
[Source "ChessBase"]
[SourceDate "2011.11.26"]
[SourceVersion "1"]
[SourceVersionDate "2011.11.26"]
[SourceQuality "1"]

1. d4 d5 2. c4 e6 3. Nf3 Nf6 4. e3 Be7 5. Bd3 O-O 6. O-O a6 7. Nc3 dxc4 8. Bxc4 b5 9. Bd3 Bb7 10. b3 Nbd7 11. Bb2 c5 12. dxc5 Nxc5 13. Bc2 Qc7 14. Qe2 b4 15. Nb1 Ng4 16. g3 Qc6 17. Nbd2 Rfd8 18. e4 Bf6 19. Bxf6 Nxf6 20. Rac1 Rac8 21. Ne5 Qc7 22. Nec4 e5 23. Nf3 Nfxe4 24. Ncxe5 Qe7 25. Nc4 Qf6 26. Nfe5 Ng5 27. h4 Nge6 28. Qh5 g6 29. Qh6 Nd4 30. Bd1 Nd3 31. Nxd3 Nf3+ 32. Kg2 Rxd3 33. Na5 Rxc1 34. Qxc1 Rc3 35. Qf4 Qxf4 36. gxf4 Nxh4+ 37. Kh2 Bg2 0-1

[Event "Hart House Holidays op"]
[Site "Toronto CAN"]
[Date "2008.12.20"]
[Round "2"]
[White "Armstrong, Robert J"]
[Black "Xi, Jason"]
[Result "1-0"]
[WhiteElo "1832"]
[BlackElo "832"]
[PlyCount "40"]
[GameId "2160767910285951"]
[EventDate "2008.12.19"]
[EventType "swiss"]
[EventRounds "5"]
[EventCountry "CAN"]
[SourceTitle "EXT 2011"]
[Source "ChessBase"]
[SourceDate "2011.11.26"]
[SourceVersion "1"]
[SourceVersionDate "2011.11.26"]
[SourceQuality "1"]

1. e4 g6 2. d4 Bg7 3. Nf3 d6 4. Bf4 Nf6 5. Nc3 O-O 6. Bc4 Nxe4 7. Nxe4 d5 8. Bxd5 Qxd5 9. Nc3 Qa5 10. O-O Rd8 11. Re1 e6 12. Qe2 Nc6 13. Nb5 Rd7 14. c3 a6 15. Na3 b5 16. c4 Nxd4 17. Nxd4 Bxd4 18. cxb5 Rb8 19. Rad1 axb5 20. b3 Qxa3 1-0

[Event "Hart House Holidays op"]
[Site "Toronto CAN"]
[Date "2008.12.20"]
[Round "2"]
[White "Kagramanov, Dalia"]
[Black "Peng, David Yu"]
[Result "0-1"]
[WhiteElo "1828"]
[BlackElo "2378"]
[PlyCount "84"]
[GameId "2160767910285952"]
[EventDate "2008.12.19"]
[EventType "swiss"]
[EventRounds "5"]
[EventCountry "CAN"]
[SourceTitle "EXT 2011"]
[Source "ChessBase"]
[SourceDate "2011.11.26"]
[SourceVersion "1"]
[SourceVersionDate "2011.11.26"]
[SourceQuality "1"]

1. e4 d6 2. d4 Nf6 3. Nc3 c6 4. Be3 Qb6 5. Qc1 Ng4 6. Bc4 Nxe3 7. fxe3 e6 8. Nf3 Be7 9. O-O O-O 10. Rb1 Qc7 11. Bd3 Nd7 12. Qe1 b5 13. Qg3 b4 14. Ne2 c5 15. b3 Bb7 16. Rbc1 Qb6 17. Kh1 cxd4 18. exd4 g6 19. c4 bxc3 20. Rxc3 Nf6 21. Nd2 d5 22. e5 Nd7 23. h4 Ba6 24. h5 Bxd3 25. Rxd3 Kg7 26. Nf4 g5 27. h6+ Kxh6 28. Qh3+ Kg7 29. Nh5+ Kh8 30. Nf6 Bxf6 31. exf6 Rg8 32. Qh5 Rg6 33. Rh3 h6 34. Qg4 Nxf6 35. Rxf6 Rxf6 36. Qxg5 Qxd4 37. Rxh6+ Rxh6+ 38. Qxh6+ Kg8 39. Qg5+ Qg7 40. Qe3 Rc8 41. Nf3 e5 42. Nxe5 Re8 0-1

[Event "Hart House Holidays op"]
[Site "Toronto CAN"]
[Date "2008.12.20"]
[Round "2"]
[White "Wu, Aaron"]
[Black "Day, Lawrence"]
[Result "0-1"]
[WhiteElo "1837"]
[BlackElo "2313"]
[PlyCount "76"]
[GameId "2160767910285954"]
[EventDate "2008.12.19"]
[EventType "swiss"]
[EventRounds "5"]
[EventCountry "CAN"]
[SourceTitle "EXT 2011"]
[Source "ChessBase"]
[SourceDate "2011.11.26"]
[SourceVersion "1"]
[SourceVersionDate "2011.11.26"]
[SourceQuality "1"]

1. e4 g6 2. d4 Bg7 3. c4 c5 4. d5 d6 5. Nc3 Nf6 6. f4 O-O 7. Nf3 e6 8. Bd3 exd5 9. cxd5 a6 10. a4 Re8 11. O-O Bg4 12. h3 Bxf3 13. Qxf3 Nbd7 14. Be3 Qb6 15. Rab1 Qb4 16. Rfe1 c4 17. Bc2 Nc5 18. Bxc5 Qxc5+ 19. Kh1 Nd7 20. Re2 b5 21. Nd1 b4 22. b3 Nb6 23. Ne3 cxb3 24. Bxb3 Rac8 25. Rc2 Bc3 26. Ng4 Nd7 27. Rd1 Qa5 28. e5 dxe5 29. fxe5 Nxe5 30. Nxe5 Rxe5 31. d6 Rf5 32. Qb7 Rf8 33. d7 Bf6 34. Rc6 Bd8 35. Rxa6 Qe5 36. Qxb4 Bc7 37. Rad6 Bxd6 38. Qxd6 Rf1+ 0-1

[Event "Hart House Holidays op"]
[Site "Toronto CAN"]
[Date "2008.12.20"]
[Round "2.1"]
[White "Morrison, Kyle"]
[Black "Sambuev, Bator"]
[Result "0-1"]
[WhiteElo "2244"]
[BlackElo "2572"]
[PlyCount "72"]
[GameId "2160767910285955"]
[EventDate "2008.12.19"]
[EventType "swiss"]
[EventRounds "5"]
[EventCountry "CAN"]

1. d4 Nf6 2. c4 g6 3. Nc3 Bg7 4. e4 O-O 5. Nf3 d6 6. Be2 e5 7. O-O Nc6 8. d5 Ne7 9. b4 a5 10. Ba3 axb4 11. Bxb4 b6 12. a4 Ne8 13. Nb5 f5 14. a5 fxe4 15. Ng5 bxa5 16. Rxa5 Rxa5 17. Bxa5 e3 18. fxe3 Nf5 19. Ne6 Bxe6 20. dxe6 Nxe3 21. Rxf8+ Bxf8 22. Qb3 Qg5 23. Bf3 Nf5 24. Bc6 Qc1+ 25. Kf2 Nf6 26. Ke2 Qg1 27. c5 Be7 28. cxd6 cxd6 29. Bb4 e4 30. Qh3 Qb1 31. Qc3 Qa2+ 32. Kf1 Ng4 33. Ke1 Qf2+ 34. Kd1 Nge3+ 35. Kc1 d5 36. Be8 Qf1+ 0-1

[Event "Hart House Holidays op"]
[Site "Toronto CAN"]
[Date "2008.12.20"]
[Round "2.2"]
[White "Martchenko, Alexander"]
[Black "Gerzhoy, Leonid"]
[Result "0-1"]
[WhiteElo "2226"]
[BlackElo "2493"]
[PlyCount "130"]
[GameId "2160767910285956"]
[EventDate "2008.12.19"]
[EventType "swiss"]
[EventRounds "5"]
[EventCountry "CAN"]

1. e4 d6 2. d4 Nf6 3. Nc3 g6 4. Be3 c6 5. Qd2 b5 6. Bd3 Nbd7 7. f4 Ng4 8. Nf3 Nxe3 9. Qxe3 Nb6 10. O-O-O b4 11. Ne2 a5 12. f5 gxf5 13. exf5 Nd5 14. Qg5 h5 15. Kb1 Nf6 16. Rhe1 Rg8 17. Qh4 Rg4 18. Qh3 h4 19. Nxh4 Bd7 20. g3 Qb6 21. Nf4 O-O-O 22. Nf3 Rg8 23. Qg2 Bh6 24. Qf1 Bxf4 25. gxf4 Nd5 26. Ka1 Rg4 27. Bc4 Rxf4 28. Bxd5 cxd5 29. Rxe7 Rxf5 30. Qd3 Qb5 31. Qe3 Rf6 32. Ng5 Rf1 33. Re1 Rxe1+ 34. Qxe1 Re8 35. Rxe8+ Bxe8 36. h4 Qd7 37. Qe2 f6 38. Ne6 Qe7 39. Nf4 Qe4 40. Qxe4 dxe4 41. Kb1 Kd7 42. Kc1 Bf7 43. Kd2 f5 44. Ke3 Ke7 45. Ng2 Kf6 46. Kf4 Bxa2 47. b3 Bb1 48. Ne3 Kg6 49. h5+ Kxh5 50. Kxf5 Bxc2 51. Nxc2 a4 52. Kxe4 axb3 53. Nxb4 b2 54. Kd5 b1=Q 55. Nc6 Kg6 56. Kxd6 Kf6 57. d5 Qb6 58. Kd7 Qc5 59. d6 Qb6 60. Nd8 Ke5 61. Nf7+ Kd5 62. Ke8 Qe3+ 63. Kf8 Ke6 64. Kg7 Qg3+ 65. Kf8 Qf4 0-1

[Event "Hart House Holidays op"]
[Site "Toronto CAN"]
[Date "2008.12.20"]
[Round "2.4"]
[White "Sapozhnikov, Roman"]
[Black "Hambleton, Aman"]
[Result "1-0"]
[WhiteElo "2264"]
[BlackElo "2140"]
[PlyCount "77"]
[GameId "2160767740567768"]
[EventDate "2008.12.19"]
[EventType "swiss"]
[EventRounds "5"]
[EventCountry "CAN"]

1. e4 e6 2. d4 d5 3. e5 c5 4. c3 Nc6 5. Nf3 Bd7 6. a3 Nge7 7. Bd3 cxd4 8. cxd4 Nf5 9. Bc2 Qb6 10. Bxf5 exf5 11. Nc3 Be6 12. O-O Be7 13. b4 O-O 14. Qd3 Qd8 15. Na4 g5 16. Bd2 h6 17. Rac1 Rc8 18. Rc2 f4 19. Nc5 Bxc5 20. Rxc5 Ne7 21. Rfc1 Ng6 22. Rxc8 Bxc8 23. b5 Kg7 24. Bb4 Rg8 25. Bd6 g4 26. Nd2 f3 27. g3 Qg5 28. Rc7 Bf5 29. Qc3 Ra8 30. Nf1 Qd8 31. Ne3 Be6 32. a4 $2 Rc8 33. Rxc8 Bxc8 34. Nxd5 h5 35. Nf6 h4 36. d5 hxg3 37. hxg3 Qh8 38. e6 Qh3 39. Nxg4+ 1-0

[Event "Hart House Holidays op"]
[Site "Toronto CAN"]
[Date "2008.12.20"]
[Round "2.5"]
[White "Wu, Kevin"]
[Black "Calugar, Arthur"]
[Result "0-1"]
[WhiteElo "1917"]
[BlackElo "2238"]
[PlyCount "64"]
[GameId "2160767910285957"]
[EventDate "2008.12.19"]
[EventType "swiss"]
[EventRounds "5"]
[EventCountry "CAN"]

1. e4 c5 2. Nf3 Nc6 3. d4 cxd4 4. Nxd4 Nf6 5. Nc3 d6 6. Be2 e5 7. Nb3 Be7 8. Be3 O-O 9. O-O a5 10. a4 Nb4 11. Bf3 Be6 12. Bg5 Rc8 13. Rc1 h6 14. Bh4 Qb6 15. Kh1 Nxc2 16. Qxc2 Bxb3 17. Qd2 Nxe4 18. Nxe4 Bxh4 19. Qxd6 Qxd6 20. Nxd6 Rxc1 21. Rxc1 Bxf2 22. Nxb7 Bxa4 23. Nxa5 f5 24. Bd5+ Kh7 25. b3 Bb5 26. Nc4 e4 27. g3 Rd8 28. Be6 Kg6 29. Rf1 e3 30. Bxf5+ Kxf5 31. Nxe3+ Ke4 32. Rxf2 Kxe3 0-1

[Event "Hart House Holidays op"]
[Site "Toronto CAN"]
[Date "2008.12.20"]
[Round "3"]
[White "Armstrong, Robert J"]
[Black "Nahutin, Yevgeni"]
[Result "0-1"]
[WhiteElo "1832"]
[BlackElo "2154"]
[PlyCount "92"]
[GameId "2160767910285958"]
[EventDate "2008.12.19"]
[EventType "swiss"]
[EventRounds "5"]
[EventCountry "CAN"]
[SourceTitle "EXT 2011"]
[Source "ChessBase"]
[SourceDate "2011.11.26"]
[SourceVersion "1"]
[SourceVersionDate "2011.11.26"]
[SourceQuality "1"]

1. d4 d5 2. c4 c6 3. e3 Nf6 4. Nf3 Bf5 5. Bd3 Bg6 6. h4 dxc4 7. Bxc4 e6 8. Nc3 Nbd7 9. Bd3 Bb4 10. Bxg6 hxg6 11. a3 Bxc3+ 12. bxc3 b5 13. Ng5 Nd5 14. Bd2 Qxg5 15. g3 Qf5 16. Qe2 N5f6 17. f3 Qd5 18. a4 Qc4 19. axb5 cxb5 20. Kf2 Qxe2+ 21. Kxe2 O-O 22. g4 Rfc8 23. e4 e5 24. Kd3 exd4 25. cxd4 Nb6 26. h5 gxh5 27. g5 Nfd7 28. Rxh5 g6 29. Rh2 Kg7 30. Bc3 Na4 31. Bb4 Rh8 32. Rc2 Rac8 33. Rac1 Nb2+ 34. Ke3 Rxc2 35. Rxc2 Nc4+ 36. Kf4 Rh4+ 37. Kg3 Rh5 38. Be7 f6 39. gxf6+ Nxf6 40. d5 Nxd5 41. exd5 Rxd5 42. Re2 Re5 43. Rxe5 Nxe5 44. Kf4 Nc6 45. Bc5 a5 46. Ke3 Kf6 0-1

[Event "Hart House Holidays op"]
[Site "Toronto CAN"]
[Date "2008.12.21"]
[Round "3.1"]
[White "Sambuev, Bator"]
[Black "Thavandiran, Shiyam"]
[Result "1-0"]
[WhiteElo "2572"]
[BlackElo "2453"]
[PlyCount "57"]
[GameId "2160767910285959"]
[EventDate "2008.12.19"]
[EventType "swiss"]
[EventRounds "5"]
[EventCountry "CAN"]

1. d4 Nf6 2. c4 e6 3. Nc3 Bb4 4. e3 d5 5. Nf3 O-O 6. Bd3 c5 7. O-O dxc4 8. Bxc4 Nbd7 9. Qe2 a6 10. a3 Ba5 11. a4 Qc7 12. Rd1 b6 13. d5 Bxc3 14. dxe6 Bb4 15. exd7 Bxd7 16. e4 b5 17. e5 bxc4 18. exf6 gxf6 19. Qxc4 Bf5 20. Bf4 Qc6 21. Bh6 Rfd8 22. Qf4 Qe4 23. Qc7 Rdc8 24. Qb6 Be6 25. Qd6 a5 26. h3 c4 27. Qg3+ Qg6 28. Qf4 Kh8 29. Nh4 1-0

[Event "Hart House Holidays op"]
[Site "Toronto CAN"]
[Date "2008.12.20"]
[Round "3.2"]
[White "Gerzhoy, Leonid"]
[Black "Sapozhnikov, Roman"]
[Result "1-0"]
[WhiteElo "2493"]
[BlackElo "2264"]
[PlyCount "135"]
[GameId "2160767740567769"]
[EventDate "2008.12.19"]
[EventType "swiss"]
[EventRounds "5"]
[EventCountry "CAN"]

1. e4 c5 2. c3 d5 3. exd5 Qxd5 4. d4 Nf6 5. Nf3 e6 6. Be2 Be7 7. O-O Nc6 8. Na3 cxd4 9. Nb5 Qd8 10. Nfxd4 Nxd4 11. Qxd4 Qxd4 12. Nxd4 O-O 13. Bf4 Nd5 14. Bg3 Bd7 15. Rad1 Rac8 16. c4 Nf6 17. b3 Rfd8 18. Bf3 b6 19. Rd3 Be8 20. Rfd1 Rd7 21. Kf1 Rcd8 22. Ke2 $2 Bc5 23. Be5 Kf8 24. g4 h6 25. h4 Re7 26. g5 hxg5 27. hxg5 Nh7 28. Rh1 Kg8 29. Nc6 Rxd3 30. Nxe7+ Bxe7 31. Kxd3 Nxg5 32. Bb7 f6 33. Bb8 Bg6+ 34. Ke2 a5 35. Bf4 Ne4 36. Bxe4 Bxe4 37. Rd1 Bc6 38. a4 Be4 39. Be3 Bc2 40. Rd7 Bb4 $2 41. Bxb6 Bxb3 42. Kd3 Bxa4 43. Ra7 Kh7 44. f4 Bd6 45. Rxa5 Be8 46. Be3 Bg6+ 47. Kc3 e5 48. c5 Bc7 49. Ra7 Bb8 50. Rb7 exf4 51. Rxb8 fxe3 52. c6 Bf5 53. c7 g5 54. c8=Q Bxc8 55. Rxc8 f5 56. Kd3 f4 57. Rc6 Kg7 58. Ke4 Kf7 59. Kf3 Kg7 60. Kg4 Kf7 61. Ra6 Ke7 62. Kf5 Kd7 63. Kg4 Ke7 64. Ra4 Kd6 65. Re4 Kd5 66. Kf3 Kd6 67. Re8 Kd5 68. Rg8 1-0

[Event "Hart House Holidays op"]
[Site "Toronto CAN"]
[Date "2008.12.20"]
[Round "3.3"]
[White "Noritsyn, Nikolay"]
[Black "Calugar, Arthur"]
[Result "1-0"]
[WhiteElo "2487"]
[BlackElo "2238"]
[PlyCount "107"]
[GameId "2160767910285960"]
[EventDate "2008.12.19"]
[EventType "swiss"]
[EventRounds "5"]
[EventCountry "CAN"]

1. c4 Nf6 2. Nc3 d5 3. cxd5 Nxd5 4. g3 g6 5. Bg2 Nb6 6. d3 Bg7 7. Be3 Nc6 8. Nf3 O-O 9. Qd2 Re8 10. Bh6 Bh8 11. h4 e5 12. h5 Bf5 13. hxg6 fxg6 14. Nh4 Be6 15. Ne4 Qe7 16. Be3 Qb4 17. Nc3 Rad8 18. Bxb6 axb6 19. Be4 Bf7 20. Nf3 Qf8 21. Ng5 h5 22. g4 Bf6 23. gxh5 gxh5 24. Nh7 Qg7 25. O-O-O Ne7 26. Rdg1 Bg6 27. Nxf6+ Qxf6 28. Rxh5 Rd6 29. Rh6 Qf7 30. Qg5 Kg7 31. Rh4 Qf6 32. Qh6+ Kf7 33. Bxg6+ Nxg6 34. Qh7+ Qg7 35. Ne4 Rc6+ 36. Kd2 Rh8 37. Ng5+ Kf8 38. Qxg7+ Kxg7 39. Rxh8 Nxh8 40. Nf3+ Kf6 41. Rg8 Nf7 42. Rf8 Rc5 43. Ng5 Kxg5 44. Rxf7 Kg6 45. Rf8 Kg7 46. Rf5 Kg6 47. e4 b5 48. b4 Rc6 49. Rxe5 Ra6 50. Rxb5 Rxa2+ 51. Ke3 b6 52. Rd5 Kf6 53. f4 Rb2 54. b5 1-0

[Event "Hart House Holidays op"]
[Site "Toronto CAN"]
[Date "2008.12.20"]
[Round "3.4"]
[White "Peng, David"]
[Black "Shebetah, Wajdy"]
[Result "1-0"]
[WhiteElo "2378"]
[BlackElo "2247"]
[PlyCount "49"]
[GameId "2160767910285961"]
[EventDate "2008.12.19"]
[EventType "swiss"]
[EventRounds "5"]
[EventCountry "CAN"]

1. e4 g6 2. d4 Bg7 3. Nc3 c6 4. Bc4 d6 5. Qf3 e6 6. Be3 Nd7 7. a4 Ngf6 8. Nge2 O-O 9. O-O e5 10. Bb3 Qe7 11. d5 cxd5 12. Bxd5 Nxd5 13. Nxd5 Qd8 14. Nec3 a6 15. g4 Nc5 16. g5 Ne6 17. Nf6+ Bxf6 18. gxf6 Bd7 19. Rfd1 Bc6 20. Rd3 Qc7 21. a5 Nc5 22. Bxc5 dxc5 23. Qe3 Kh8 24. Qh6 Rg8 25. Rh3 1-0

[Event "Hart House Holidays op"]
[Site "Toronto CAN"]
[Date "2008.12.20"]
[Round "3.7"]
[White "Kleinman, Michael"]
[Black "Morrison, Kyle"]
[Result "1-0"]
[WhiteElo "1988"]
[BlackElo "2244"]
[PlyCount "61"]
[GameId "2160767910285963"]
[EventDate "2008.12.19"]
[EventType "swiss"]
[EventRounds "5"]
[EventCountry "CAN"]

1. e4 c5 2. Nc3 d6 3. Nge2 a6 4. d4 cxd4 5. Nxd4 Nf6 6. Bg5 e6 7. f4 Nbd7 8. Qf3 Qc7 9. O-O-O b5 10. e5 Bb7 11. Qh3 dxe5 12. Nxe6 fxe6 13. Qxe6+ Be7 14. Nxb5 axb5 15. Bxb5 O-O-O 16. Qxe7 Be4 17. Rd2 h6 18. Bxf6 gxf6 19. Rhd1 Bf5 20. fxe5 fxe5 21. g4 Qb7 22. Qb4 Be6 23. Rd6 Kb8 24. Rxe6 Nc5 25. Qxc5 Rxd1+ 26. Kxd1 Qh1+ 27. Kd2 Qxh2+ 28. Kc3 Qg3+ 29. Bd3 Rc8 30. Rb6+ Ka7 31. Rc6+ 1-0

[Event "Hart House Holidays op"]
[Site "Toronto CAN"]
[Date "2008.12.20"]
[Round "3.8"]
[White "Martchenko, Alexander"]
[Black "Wu, Kevin"]
[Result "1-0"]
[WhiteElo "2226"]
[BlackElo "1917"]
[PlyCount "75"]
[GameId "2160767910285964"]
[EventDate "2008.12.19"]
[EventType "swiss"]
[EventRounds "5"]
[EventCountry "CAN"]

1. e4 c5 2. Nf3 d6 3. d4 cxd4 4. Nxd4 Nf6 5. Nc3 g6 6. Be3 Bg7 7. f3 O-O 8. Qd2 Nc6 9. O-O-O d5 10. exd5 Nxd5 11. Nxc6 bxc6 12. Nxd5 cxd5 13. Qxd5 Qc7 14. Qc5 Qb7 15. Qa3 Bf5 16. Bd3 Rab8 17. b3 Qc7 18. Qc5 Qb7 19. Bxf5 gxf5 20. Qxf5 Qa6 21. Kb1 Rb5 22. Qg4 h5 23. Qd7 Qa4 24. Qxa7 Qb4 25. Bd4 Ra5 26. Qb6 Rb5 27. Qc6 Qa5 28. Bxg7 Kxg7 29. c4 Rb6 30. Qd5 Qa7 31. Qxh5 Ra8 32. Qe5+ Kg8 33. Qb2 Rg6 34. h4 Qc5 35. Rd5 Qe3 36. Rg5 Rd8 37. Re5 Qd3+ 38. Qc2 1-0

[Event "Hart House Holidays op"]
[Site "Toronto CAN"]
[Date "2008.12.20"]
[Round "3.10"]
[White "Hambleton, Aman"]
[Black "Florea, Alexandru"]
[Result "1-0"]
[WhiteElo "2140"]
[BlackElo "1868"]
[PlyCount "101"]
[GameId "2160767910285965"]
[EventDate "2008.12.19"]
[EventType "swiss"]
[EventRounds "5"]
[EventCountry "CAN"]

1. d4 Nf6 2. c4 e6 3. Nf3 d5 4. Nc3 Be7 5. Bf4 O-O 6. e3 c5 7. Rc1 Nc6 8. a3 cxd4 9. Nxd4 Nxd4 10. Qxd4 dxc4 11. Qxd8 Rxd8 12. Bxc4 b6 13. f3 Bb7 14. Ke2 Rac8 15. Nb5 Ba6 16. a4 Rc5 17. e4 Rdc8 18. b3 Bxb5 19. axb5 e5 20. Be3 R5c7 21. Ra1 Kf8 22. Ra2 Rb7 23. Rha1 Rcc7 24. g4 Bc5 25. g5 Bxe3 26. Kxe3 Nh5 27. Bd5 Rc3+ 28. Kf2 Rbc7 29. Rxa7 Rc2+ 30. Ke1 Rxh2 31. Rxc7 Rh1+ 32. Kd2 Rxa1 33. Rxf7+ Ke8 34. Rb7 Ra2+ 35. Kc3 Nf4 36. Bc6+ Kd8 37. Rxb6 Ne6 38. Rb8+ Kc7 39. Rb7+ Kc8 40. Re7 Nd4 41. Rxe5 Nxf3 42. Re8+ Kc7 43. e5 Nxg5 44. Re7+ Kd8 45. Rd7+ Kc8 46. b6 Ne4+ 47. Kb4 Rd2 48. Rc7+ Kb8 49. Bxe4 h5 50. e6 Re2 51. Rc4 1-0

[Event "Hart House Holidays op"]
[Site "Toronto CAN"]
[Date "2008.12.21"]
[Round "4"]
[White "Knox, Christopher"]
[Black "Armstrong, Robert J"]
[Result "1-0"]
[WhiteElo "2093"]
[BlackElo "1832"]
[PlyCount "77"]
[GameId "2160767910285966"]
[EventDate "2008.12.19"]
[EventType "swiss"]
[EventRounds "5"]
[EventCountry "CAN"]
[SourceTitle "EXT 2011"]
[Source "ChessBase"]
[SourceDate "2011.11.26"]
[SourceVersion "1"]
[SourceVersionDate "2011.11.26"]
[SourceQuality "1"]

1. d4 g6 2. c4 Bg7 3. e4 d6 4. Be2 Nf6 5. Nc3 O-O 6. Bg5 h6 7. Be3 Nfd7 8. Qd2 c5 9. d5 Kh7 10. f3 a6 11. Bd3 Qa5 12. Nge2 Ne5 13. O-O Nxd3 14. Qxd3 Nd7 15. f4 Rb8 16. Bd2 Qc7 17. Rae1 b5 18. b3 b4 19. Nd1 a5 20. Bc1 a4 21. Bb2 axb3 22. Bxg7 Kxg7 23. axb3 Ra8 24. Ne3 Nf6 25. h3 Bd7 26. Ng3 Ra3 27. e5 Nh7 28. Nc2 Ra2 29. h4 Rfa8 30. h5 Nf8 31. e6 fxe6 32. dxe6 Be8 33. hxg6 Bxg6 34. f5 Be8 35. f6+ exf6 36. e7 Bg6 37. Nf5+ Kh8 38. Qd5 Rxc2 39. Qxa8 1-0